Joueurs de foot passés par l'OM sous Longoria - Statistiques

Statistiques générales
  • Ce quiz a été pris 173 fois
  • Le résultat moyen est 41 sur 98
Statistiques - réponses
Poste Match disputés (sous Longoria) Joueurs % Correct
GK 55 Mandanda
93%
GK 26... Rulli
92%
GK 157 Lopez
90%
MC 4 Lopez
90%
DC 159... Balerdi
79%
MC 114 Payet
79%
A 51 Aubameyang
76%
MC 152... Rongier
75%
A 28... Greenwood
74%
GK 2... De Lange
70%
MC 23... Rabiot
69%
ML 44 Thauvin
69%
GK 13 Blanco
67%
A 7... Gouiri
66%
A 44 Sanchez
64%
DC 85... Mbemba
63%
MC 96 Veretout
63%
MC 103 Guendouzi
62%
MC 61... Kondogbia
62%
DL 87... Lirola
62%
ML 101... Henrique
61%
MC 97... Harit
59%
DC 52 Saliba
58%
MC 5... Bennacer
57%
ML 85 Clauss
57%
BU 21... Maupay
57%
ML 50... Murillo
57%
GK 4 Pelé
57%
DL 38... Merlin
56%
DL 29... Garcia
55%
DL 2 Sarr
55%
A 35 Sarr
55%
MC 23... Nadir
54%
DC 19... Cornelius
53%
MC 91 Kamara
52%
BU 32 Germain
51%
MC 26... Hojberg
51%
A 55 Milik
48%
DL 38 Sakai
48%
MC 61 Gerson
47%
DC 77 Caleta-Car
46%
ML 22... Rowe
45%
A 93 Under
45%
DL 22 Amavi
43%
BU 43 Vitinha
43%
MC 46 Ndiaye
42%
ML 39 Nuno Tavares
42%
BU 43 Benedetto
41%
DC 66 Gigot
41%
ML 2... Bakola
38%
MC 44 Ounahi
38%
ML 6... Dedic
37%
BU 21 Moumbagna
36%
MC 19 Sanson
36%
DC 12 Brassier
34%
MC 115 Gueye
34%
GK 0 Ngapandouetnbu
34%
DL 50 Peres
34%
MC 1 Lafont
32%
DC 2... Luiz Felipe
32%
GK 0 Van Neck
32%
BU 24 Bakambu
31%
BU 54 Dieng
31%
DL 21 Kolasinac
31%
MC 9 Koné
31%
ML 23 Lodi
31%
BU 11 Suarez
31%
MC 30 Cuisance
29%
MC 14 Strootman
28%
A 23 De La Fuente
27%
DC 28 Meité
27%
MC 23 Malinovskyi
25%
DC 23 Bailly
24%
DC 14 Onana
24%
A 19 Correa
23%
ML 9 Mughe
23%
ML 16 Radonjic
23%
A 2... Abdallah
22%
MC 6 Ntcham
22%
DC 5 Touré
21%
ML 29 Kaboré
19%
ML 9 Soglo
19%
A 3 Ben-Seghir
18%
GK 0 Dia
18%
MC 2 Daou
16%
MC 13 Ake
15%
MC 8 Perrin
14%
ML 19 Khaoui
13%
DC 1... Koum
10%
MC 2 Sidi Ali
9%
MC 1 Elmaz
8%
DC 3 Rocchia
8%
MC 3 Targhaline
8%
MC 1 Mayoka-Tika
7%
MC 1 Souare
6%
DC 51 Alvarez
2%
DL 29 Nagamoto
1%
DC 0 Nkoundou
1%
Aucun quiz correspondant
Distribution des résultats
% des personnes avec chaque résultat
Percentile par nombre de réponses
Votre historique - résultats
Vous n’avez pas pris ce quiz